| 000 | 00459nam a22001817a 4500 | ||
|---|---|---|---|
| 003 | CEME | ||
| 005 | 20210628205112.0 | ||
| 008 | 210128b xxu||||| |||| 00| 0 eng d | ||
| 020 | _a81-7635-624-7 | ||
| 040 | _c. | ||
| 082 | _a005.133 OAN | ||
| 100 |
_aOancea, Gabriel:Donald, Bob _973899 |
||
| 245 | _aVisual basic net;by example | ||
| 260 |
_aNEW DELHI _bTECHMEDIA _c2002 |
||
| 300 | _aXXV,949P | ||
| 650 |
_aVISUAL BASIC NET _962819 |
||
| 942 |
_cBK _2ddc |
||
| 999 |
_c579517 _d579517 |
||